| 000 | 00926nam a2200313Ia 4500 | ||
|---|---|---|---|
| 003 | OSt | ||
| 005 | 20220912145321.0 | ||
| 006 | a|||||r|||| 00| 0 | ||
| 007 | ta | ||
| 008 | 220909b |||||||| |||| 00| 0 eng d | ||
| 020 | _a9780195685282 (pbk) | ||
| 024 | _a82102 | ||
| 037 | _cTextbook | ||
| 040 |
_aCSL _beng _cCSL |
||
| 041 | _aeng | ||
| 082 | _aB7ObCN1, P5-;1 TC | ||
| 100 | _aJohns Oliver Davis | ||
| 245 | 0 | _aAnalytical mechanics for relativity and quantum mechanics | |
| 260 |
_aOxford _bOxford University Press _c2005 |
||
| 300 |
_axx, 597p. _ccm. |
||
| 490 | _aOxford graduate texts | ||
| 500 | _a''References 588-590p''.; ''Index 591-597p''. | ||
| 650 | _a Lagrangian mechanics | ||
| 650 | _a Quantum mechanics | ||
| 650 | _aPhysics | ||
| 942 |
_hB7ObCN1, P5-;1 TC _cTB _2CC |
||
| 999 |
_c28813 _d28813 |
||